MDQL
is popping MORE tags! Check the
thread
!
Quizzes
Events
Quiz Creation
Community
Videos
Private Events
Remove Ads
Sign In
Join for FREE
Feedback
Dark Mode
Quiz Categories
Sports
Geography
Music
Movies
Television
Just For Fun
Miscellaneous
History
Literature
Language
Science
Gaming
Entertainment
Religion
Holiday
For Kids
Quiz Lab
Recent
Popular Today
Quiz Kudos Today
Editor Picks
Curator Picks
Quizzes by...
Day
Popularity
Type
Ratings
Length
Year
Community
Subscriptions
Recent Discussions
Orange Saloon
Badges
Playlists
Quests
Create
Leaderboards
Showdown
Live 5
Trivia Bingo
Activity
Puzzle Library
Sporcle Events
Private Events
Virtual Trivia
Globe League
Become a Host
Pub Owners
SporcleCon
Opinionation
Our Games
Videos
Blog
Mobile Apps
Partnerships
Remove Ads and Go Orange
Feedback
Television
TV Characters
TV Show
Sitcom
Network
Friends
Reality Shows
Cast
South Park
Star Trek
The Simpsons
Doctor Who
Television
TV Characters
TV Show
Sitcom
Network
Friends
Reality Shows
Cast
South Park
Star Trek
The Simpsons
Doctor Who
Random Quiz
Search Sporcle
×
Quiz Lab
Quiz Lab
Television
Cartoons
Select answers by clicking on text or image buttons
Select answers by clicking on text or image buttons
Clickable
Best Score? Go Orange.
Young Justice Episode by Last Line Stats
Can you pick the Young Justice Episode by the last line spoken in it?
By
choklatbuni
10m
72 Questions
169 Plays
169 Plays
169 Plays
Comments
Comments
Give Quiz Kudos
Give Quiz Kudos
-
- Ratings
hide this ad
Forced Order
Answers have to be entered in order
Answers have to be entered in order
Replay
Link that replays current quiz
Next Quiz
Link to next quiz in quiz playlist
You Got
0%
They Got
Avg Score
21%
Avg Friend Score
Upgrade to see
Score Distribution
Jump to the score distribution portion of the page
Score
0/72
Timer
10:00
0
Plays Today
% Correct
Secrets
66.9%
Coldhearted
65.1%
Performance
63.9%
Failsafe
60.9%
Auld Acquaintance
57.4%
Bloodlines
55%
Denial
49.1%
Image
45.6%
Disordered
44.4%
Satisfaction
43.8%
Alpha Males
42.6%
Bereft
41.4%
Endgame
39.6%
Eminent Threat
38.6%
Evolution
38.6%
Happy New Year
38.5%
Earthlings
37.9%
Salvage
36.7%
Depths
36.1%
Triptych
34.1%
Welcome to Happy Harbor
33.7%
Summit
33.1%
Agendas
32%
True Heroes
31.8%
Illusion of Control
31.8%
Insecurity
30.8%
Infiltrators
30.2%
Homefront
29.6%
Humanity
29.6%
Nevermore
29.5%
Schooled
27.2%
Targets
27.2%
Revelation
27.2%
Usual Suspects
26.6%
Alienated
26.6%
Unknown Factors
22.7%
% Correct
Terminus
22.7%
Independence Day
22.5%
Darkest
21.9%
Overwhelmed
20.5%
Complications
20.1%
Cornered
17.8%
Intervention
16%
Antisocial Pathologies
15.9%
Into the Breach
15.9%
True Colors
14.2%
Away Mission
13.6%
Rescue Ops
13.6%
Terrors
13.6%
Drop-Zone
13%
Fireworks
12.4%
Beneath
12.4%
Before the Dawn
12.4%
The Hunt
12.4%
Misplaced
11.8%
The Fix
11.8%
Home Fires
11.4%
Elder Wisdom
11.4%
Runaways
10.7%
War
10.7%
Downtime
10.1%
Princes All
9.1%
Exceptional Human Beings
9.1%
Nightmare Monkeys
9.1%
Private Security
6.8%
Quiet Conversations
6.8%
Leverage
4.5%
First Impression
4.5%
Royal We
2.3%
Another Freak
2.3%
Influence
2.3%
Early Warning
2.3%
Quiz Playlist
Details
Report
Send in Message
Add To Playlist
Clickable:
Select answers by clicking on text or image buttons
Forced Order:
Answers have to be entered in order
Last Updated: Aug 31, 2017
Quiz Scoreboard
CHALLENGE
Sign Up to Join the Scoreboard
Show All
Scores
Hide
Comments
May contain spoilers
Recently Published
1-10 Letter E Words III
by El_Dandy
Language
2m
Street Fighter Characters
by Artimus82
Gaming
60s
College Basketball Coaching Resumes
by pancakes188
Sports
9m
More to Explore
Quiz From the Vault
Featured Blog Post
Where Did the Easter Bunny Come From?
hide this ad
You Might Also Like...
Tags
Cartoons Quiz
DC Comics Quiz
Superhero Quiz
Cartoon Network
Justice League
Young Justice
Today's Top Quizzes in Television
Browse Television
hide this ad
Today's Top Quizzes in Cartoons
Browse Cartoons
Top Contributed Quizzes in Television
1
Survivor Journey Challenge
2
Adjectives in 80s TV Shows
3
Adjectives in 00s TV Shows
4
5-to-1: The Simpsons Families
5
5-to-1: Television Doctors
6
Adjectives in 10s TV Shows
7
7-to-1: TV Show Settings
8
Adjectives in 70s TV Shows
9
5-to-1: Streaming Originals
10
Survivor Seasons
Explore More
Trending Topics
Disney
Kpop
Marvel
Anime
Crossword
NBA
Harry Potter
Pokémon
Puzzle
WWE
Soccer
Song
The Office
Country
NFL
hide this ad
More By:
choklatbuni
Quiz
Plays
Rating
Category
Featured
Created
Young Justice Characters by First Line
1,593
5.00
Television
Oct 11, 2013
Avengers Characters by First Line
1,178
3.50
Movies
Jul 12, 2013
Guess the Disney Song
1,136
4.63
Entertainment
Sep 8, 2012
Guess the Disney Song II
674
4.33
Entertainment
Dec 24, 2012
Guess the Silly Song Lyrics
538
3.67
Entertainment
Oct 5, 2012
Go to Creator's Profile
Score Distribution
Quiz Creator Spotlight
choklatbuni
Follow
Send a Message
Quizzes Created
-
Created Quiz Play Count
-
More By This Creator
Popular Quizzes Today
1
Find the US States - No Outlines Minefield
2
Find the Countries of Europe - No Outlines Minefield
3
The Countries of the World
4
Find the US States
5
Risky Map Clicking: Biggest States A-Z
6
US States
7
Popular People in 1961
8
Movies - When Are They Set?
More Television Quizzes
Family Guy Pilot Characters
Curator's Pick
Trending Quizzes
Risky Map Clicking: Least Populous States A-Z
USA Borders Longest to Shortest
1-10 Letter G Words
1-10 Letter F Words
Countries of the World: 200 Million BC
Recently Updated
Beyoncé Albums
pecheneg
Leaping Animals
pecheneg
Reality TV Shows (A-Z)
bhenderson79
Rickey Henderson's Hall of Fame Teammates
pecheneg
Champions League XIs: Arsenal
pecheneg
Quick Pick: Celebrities in WWE's Hall of Fame
aduchscher
A-Z Keypad Blitz II
pecheneg
Multiple Oscar Actors
pecheneg
Mystery Phrase Blitz: Oscar 'Best Actors'
pecheneg
F. Scott Fitzgerald Novels
LTH
Trending Topics
NBA
Marvel
Anime
Harry Potter
Disney
Crossword
Kpop
WWE
Soccer
Puzzle
Song
The Office
NFL
Country
Pokémon
Your Account Isn't Verified!
In order to create a playlist on Sporcle, you need to verify the email address you used during registration. Go to your
Sporcle Settings
to finish the process.
Report this User
Report this user for behavior that violates our
Community Guidelines
.
Details:
Send Report
Go to the Sporcle.com Mobile Site →
Comments